| 000 | 01111nam a22002897a 4500 | ||
|---|---|---|---|
| 005 | 20080902121734.0 | ||
| 008 | 080902t xxu||||| |||| 00| 0 eng d | ||
| 010 | _aENG-90846 | ||
| 020 |
_a817487562X _c695.00 |
||
| 035 | _aEN-74379 | ||
| 037 | _bDBAD /PUB | ||
| 040 |
_aDPL _bEnglish |
||
| 082 | _a307.772 | ||
| 100 | _aKapoor, A.N. | ||
| 245 |
_aA dictionary of scheduled tribes in India / _cby A.N. Kapoor, V.P. Gupta [and] Mohini Gupta |
||
| 260 |
_aNew Delhi _bRadha Publications _c2008 |
||
| 270 |
_a4231/1, Ansari Road, Darya Ganj, _bNew Delhi _d110002 |
||
| 300 |
_a404p. _c23 cm (Hb) |
||
| 490 | _aFrontiers of knowledge; v.6 | ||
| 505 | _aV.6- Frontiers of knowledge | ||
| 650 |
_aDalits _xGovernment policy _zIndia |
||
| 651 |
_aIndia _xScheduled tribes _xGovernment policy |
||
| 700 | _aGupta, V.P. | ||
| 700 | _aGupta, Mohini | ||
| 942 |
_2ddc _cEN _mKAP _h307.772 |
||
| 999 |
_c15262 _d15262 |
||